00610nam a2200157 a 4500008004100000050001600041100001900057245004200076260003500118300002400153350000900177700002200186995009500208999001700303952013200320120416s1982 ||||||||||||||||| || u aHF 5726 Bru aOliu, Walter E14aThe business writer's handbook, 1982. aNew YorkbSt. Martin's Pc1982 axxxii, 652p. : ill. a0.00 aBrusaw, Charles T D0.00FCBU-MAIN LIBRARY (Kitwe)H1I0.00M1UAVAILABLEZMain Library Open Access Collection c36546d36546 00102lcc4070a001b001cMain Library Open Access Collectiond2022-11-30l0oHF 5726 Brup028446r2022-11-30w2022-11-30y002